Educação é da nossa conta : (Record no. 1475)

MARC details
000 -LÍDER
Campo Fixo de Controle 00928nam a2200253 a 4500
001 - NÚMERO DE CONTROLE
Campo de Controle 1475
003 - IDENTIFICAÇÃO DO NÚMERO DE CONTROLE
Campo de Controle BR-CuiBMT
005 - DATA E HORA DA ÚLTIMA ATUALIZAÇÃO
Campo de Controle 20231211233916.0
008 - DADOS FIXOS
Dados Fixos 231130s2022 baba 000 0 por d
040 ## - AGÊNCIA CATALOGADORA
Código da Agência Catalogadora BR-CuiBMT
Agência que transcreveu o registro BR-CuiBMT
080 ## - Nº DA CLASSIFICAÇÃO DECIMAL UNIVERSAL
Nº Class. CDU 37.014.5
Nº edição CDU 2007
090 ## - NÚMERO DE CHAMADA
Nº classificação 37.014.5
Cutter B151e
110 1# - ENTRADA PRINCIPAL -- ENTIDADE
Nome da entidade ou lugar Bahia.
Unidade subordinada Tribunal de Contas do Estado.
245 00 - TÍTULO PRINCIPAL
Título principal Educação é da nossa conta :
Subtítulo Construções, palavras e produtos /
Indicação de responsabilidade Tribunal de Contas do Estado da Bahia.
260 ## - PUBLICAÇÃO, DISTRIBUIÇÃO, ETC.
Local de publicação Salvador :
Editora TCE/BA,
Data 2022.
300 ## - DESCRIÇÃO FÍSICA
N. páginas ou volumes 4. v. :
Ilustrações il. color. ;
Dimensões 19 x 19 cm
504 ## - NOTA DE BIBLIOGRAFIA, ETC.
Nota de bibliografia Inclui bibliografia.
590 ## - NOTA LOCAL
Nota local v.1 Diálogos com Anísio -- v. 2 Gestão, controle interno e controle social -- v. 3 Controle externo -- v. 4 Produtos do projeto.
650 ## - ASSUNTO TÓPICO
Cabeçalho tópico ou nome geográfico Política educacional
650 ## - ASSUNTO TÓPICO
Cabeçalho tópico ou nome geográfico Controle externo
Subdivisão geral Educação
650 ## - ASSUNTO TÓPICO
Cabeçalho tópico ou nome geográfico Controle interno
Subdivisão geral Educação
650 ## - ASSUNTO TÓPICO
Cabeçalho tópico ou nome geográfico Controle social
Subdivisão geral Educação
942 ## - ELEMENTOS DE ENTRADA ADICIONAIS (KOHA)
Fonte de classificação ou esquema de arquivamento Classificação Decimal Universal
Tipo de item do Koha Livros
Holdings
Estado: removido Estado: perdido Fonte de classificação ou esquema de arquivamento Estado: danificado Indisponível para empréstimo Localização permanente Localização atual Data de aquisição Numeração serial ou cronológica (Volume) Total Checkouts Número de Chamada completo Código de barras Date last seen Número do exemplar Preço efetivo a partir de Tipo de item (Koha)
    Classificação Decimal Universal     Biblioteca da Escola Superior de Contas do TCE/MT Biblioteca da Escola Superior de Contas do TCE/MT 11/12/2023 v. 1   37.014.5 B151e BIBTCEMT23120374 11/12/2023 Ex. 1 11/12/2023 Livros
    Classificação Decimal Universal     Biblioteca da Escola Superior de Contas do TCE/MT Biblioteca da Escola Superior de Contas do TCE/MT 11/12/2023 v. 2   37.014.5 B151e BIBTCEMT23120375 11/12/2023 Ex. 1 11/12/2023 Livros
    Classificação Decimal Universal     Biblioteca da Escola Superior de Contas do TCE/MT Biblioteca da Escola Superior de Contas do TCE/MT 11/12/2023 v. 3   37.014.5 B151e BIBTCEMT23120376 11/12/2023 Ex. 1 11/12/2023 Livros
    Classificação Decimal Universal     Biblioteca da Escola Superior de Contas do TCE/MT Biblioteca da Escola Superior de Contas do TCE/MT 11/12/2023 v. 4   37.014.5 B151e BIBTCEMT23120377 11/12/2023 Ex. 1 11/12/2023 Livros

Powered by Koha